| 000 | 01100cam a2200229 4500 | ||
|---|---|---|---|
| 001 | WB3918-05 | ||
| 008 | 030513n2003 000 0 eng u | ||
| 035 | _a(Sirsi) u122252 | ||
| 245 | _aSharp rise in town centre rents | ||
| 260 | _c2003 | ||
| 490 |
_aRetail Week _v9 May 2003, 26(1) |
||
| 490 |
_aChesterton Press Release _v29 April 2003 (2) |
||
| 520 | _aResearch by Chesterton reveals that prime retail rents rose across Britain by 32% between 1998 and 2003 with the biggest increases in Birmingham and Aberdeen at 62%. Chesterton's survey also tracks movement in prime rental values over the last five years in the office and industrial sectors. www.chesterton.co.uk/group/renderer.asp?category=press_room&content_type=story_item&bodyID=2663 | ||
| 590 | _aWB | ||
| 650 | _aPROPERTY-COMMERCIAL PROPERTY-RETAIL PROPERTY-RETAIL PROPERTY MARKET | ||
| 650 | _aRETAIL RENTS | ||
| 650 | _aPRIME RENTS | ||
| 650 | _aINDUSTRIAL MARKET | ||
| 650 | _aPROPERTY-COMMERCIAL PROPERTY-OFFICE PROPERTY-OFFICE PROPERTY MARKET | ||
| 690 | _aPROPERTY-COMMERCIAL PROPERTY-RETAIL PROPERTY | ||
| 942 | _n0 | ||
| 999 |
_c72657 _d72657 |
||